Netflix Serien - Statistiken

Allgemein
  • Dieses Quiz wurde 2.820 mal gespielt
  • Das Durchschnittsergebnis liegt bei 5 aus 14
Antwortstatistiken
Hint Antwort % Korrekt
Eine Gruppe Krimineller mit Städtenamen raubt eine Bank aus Haus des Geldes
86%
Zwei Freunde bieten Beratungsgespräche zum Thema Sex an ihrer Schule an Sex education
79%
Ein Mann sieht eine gut aussehende Frau in einem Buchladen und fängt an sie zu stalken You
67%
In einer Spanischen highschool gibt es einen Mord, welcher aufgeklärt werden muss Elite
66%
4 Freundinnen wollen herraus finden wie ihre beste Freundin starb und bekommen dabei Hindernisse von unbekannt Pretty Little liars
59%
Ein Virus im Regen droht die ganze Menschheit auszurotten The Rain
53%
Zwei Freunde werden wegen eines Mädchen zu großen Drogendielern How to sell drugs online (fast)
36%
Ein Junge mit Autismus und seine Schwester werden allmählich erwachsen Atypical
23%
Die Teenager eines Dorfes stellen fest dass alle Erwachsenen verschwunden sind The society
23%
Drei Mädchen die sich in einer Selbsthilfegruppe treffen, versuchen mit dem klauen aufzuhören Diebische Elstern
12%
Eine Gruppe Teenager versucht ihren Freund aus einer Gang zu bekommen On my Block
12%
Ein Mädchen zieht nach Berlin und versucht sich dort ein Leben auzubauen, findet Freunde und zieht in eine WG Berlin Berlin
9%
Zwei Schwestern machen eine Kreuzfahrttour. Während dieser passieren seltsame Dinge und Menschen sterben High seas
4%
Ein Mädchen verliebt sich in die Zicke ihrer Klasse und findet herraus dass sie lesbisch ist Everything sucks
3%
Keine übereinstimmenden Quizze gefunden
Verteilung der Resultate
Anzahl Personen mit jedem Resultat
Perzentil nach korrekt beantworteten Fragen
Ihre Resultats-Entwicklung
Sie haben dieses Quiz noch nicht gespielt